[Event "Zürich Chess Challenge - Lampo"]
[Site "Zurigo"][Date "29.01.2014"]
[Round "L1"]
[White "Carlsen, Magnus"]
[Black "Caruana, Fabiano"]
[Result "0-1"]
[WhiteTitle "GM"]
[BlackTitle "GM"]
[WhiteElo "2872"]
[BlackElo "2782"]
[WhiteFideId "1503014"]
[BlackFideId "2020009"]
[EventDate "2014.01.29"]

1. e4 c5 2. Nf3 e6 3. d4 cxd4 4. Nxd4 a6 5. Bd3 Bc5 6. c3 d6 7. Nd2 Nf6 8. O-O
O-O 9. a4 e5 10. N4b3 Ba7 11. Nc4 Be6 12. Qe2 Nc6 13. Bg5 h6 14. Bh4 g5 15. Bg3
Ne7 16. Nbd2 Ng6 17. Rfe1 h5 18. h3 h4 19. Bh2 g4 20. Kh1 gxh3 21. gxh3 Bxh3 22.
Rg1 Kg7 23. Ne3 Bxe3 24. Qxe3 Ng4 25. Qf3 Qf6 26. Rxg4 Qxf3+ 27. Nxf3 Bxg4 28.
Nxh4 Nxh4 29. Rg1 Nf3 30. Rxg4+ Kf6 31. Rg3 Nxh2 32. Kxh2 Rh8+ 33. Kg2 Rag8 34.
Bc4 Rxg3+ 35. fxg3 a5 0-1

[Event "Zürich Chess Challenge - Lampo"]
[Site "Zurigo"][Date "29.01.2014"]
[Round "L1"]
[White "Aronian, Levon"]
[Black "Anand, Viswanathan"]
[Result "1-0"]
[WhiteTitle "GM"]
[BlackTitle "GM"]
[WhiteElo "2812"]
[BlackElo "2773"]
[WhiteFideId "13300474"]
[BlackFideId "5000017"]
[EventDate "2014.01.29"]

1. c4 c5 2. Nf3 Nf6 3. Nc3 Nc6 4. g3 g6 5. Bg2 Bg7 6. d4 cxd4 7. Nxd4 O-O 8. O-O
Qa5 9. Nb3 Qh5 10. c5 b6 11. e4 bxc5 12. Bf3 Qh3 13. e5 Nxe5 14. Bg2 Qf5 15.
Bxa8 Ba6 16. Bg2 Bxf1 17. Qxf1 d6 18. Bf4 Nd3 19. Bh3 Qh5 20. Qxd3 Qxh3 21. Qe2
Re8 22. Re1 h6 23. Nd2 g5 24. Be3 Ng4 25. Nf1 Ne5 26. f4 gxf4 27. Bxf4 Rb8 28.
b3 Qe6 29. Nd2 Nd3 30. Qxd3 Qxe1+ 31. Kg2 Rb4 32. Ne2 Qa1 33. Qc2 a5 34. Nc4 a4
35. Bd2 axb3 36. axb3 Rb8 37. Nf4 Ra8 38. Nh5 Qa2 39. Qe4 Qxb3 40. Qxa8+ 1-0

[Event "Zürich Chess Challenge - Lampo"]
[Site "Zurigo"][Date "29.01.2014"]
[Round "L2"]
[White "Caruana, Fabiano"]
[Black "Anand, Viswanathan"]
[Result "0-1"]
[WhiteTitle "GM"]
[BlackTitle "GM"]
[WhiteElo "2782"]
[BlackElo "2773"]
[WhiteFideId "2020009"]
[BlackFideId "5000017"]
[EventDate "2014.01.29"]

1. Nf3 d5 2. g3 g6 3. Bg2 Bg7 4. O-O e5 5. d3 Nc6 6. Nbd2 Nge7 7. e4 O-O 8. a3
a5 9. b3 h6 10. Bb2 d4 11. Qe2 a4 12. b4 Na7 13. Nc4 Nec6 14. Bc1 Be6 15. Bd2
Nb5 16. h3 Nd6 17. Nxd6 cxd6 18. c3 dxc3 19. Bxc3 Na7 20. d4 Qc8 21. Rfc1 Bxh3
22. dxe5 Bxg2 23. Kxg2 Qe6 24. exd6 Bxc3 25. Rxc3 Qxd6 26. Rd1 Qe7 27. e5 Nc6
28. Re3 Nd8 29. Nd4 Ra6 30. b5 Rb6 31. Qc4 Ne6 32. Nxe6 Rxe6 33. Rd5 Rd8 34.
Rxd8+ Qxd8 35. Rd3 Qe7 36. Qc8+ Kh7 37. Rd8 Rxe5 38. Rd7 Qe6 39. Qxb7 Rf5 40.
Rd2 Qb3 41. b6 Rf6 42. Qa7 Rxb6 43. Rd4 Rf6 44. Qa8 Qb2 45. Rf4 Rxf4 46. gxf4
Qxa3 47. Qe8 Qb3 0-1

[Event "Zürich Chess Challenge - Lampo"]
[Site "Zurigo"][Date "29.01.2014"]
[Round "L2"]
[White "Carlsen, Magnus"]
[Black "Gelfand, Boris"]
[Result "1/2-1/2"]
[WhiteTitle "GM"]
[BlackTitle "GM"]
[WhiteElo "2872"]
[BlackElo "2777"]
[WhiteFideId "1503014"]
[BlackFideId "2805677"]
[EventDate "2014.01.29"]

1. d4 Nf6 2. Nf3 g6 3. Bg5 Bg7 4. Nbd2 O-O 5. c3 d6 6. e4 c5 7. dxc5 dxc5 8. Bc4
Nc6 9. O-O Qc7 10. Qe2 Na5 11. e5 Nxc4 12. Nxc4 Nd5 13. Qe4 Be6 14. Rfe1 Rad8
15. Qh4 Rfe8 16. Rad1 f6 17. Bh6 Bh8 18. h3 b5 19. Ncd2 Bf5 20. Ne4 Qc6 21. Ng3
Bc8 22. Qe4 Bb7 23. h4 Nb6 24. Rxd8 Rxd8 25. exf6 Bxf6 26. Qe2 Nc4 27. a4 a6 28.
axb5 axb5 29. Qc2 Ne5 30. Qe4 Qxe4 31. Nxe4 Bxe4 32. Rxe4 Rd1+ 33. Kh2 Nxf3+ 34.
gxf3 Rb1 35. Re2 b4 36. Be3 bxc3 37. bxc3 c4 38. Bc5 Bxc3 39. Rxe7 Bf6 40. Re4
c3 41. Be3 Rb5 42. Kg3 Kf7 43. Rc4 Rb7 44. Rc6 Rd7 45. f4 1/2-1/2

[Event "Zürich Chess Challenge - Lampo"]
[Site "Zurigo"][Date "29.01.2014"]
[Round "L3"]
[White "Gelfand, Boris"]
[Black "Caruana, Fabiano"]
[Result "0-1"]
[WhiteTitle "GM"]
[BlackTitle "GM"]
[WhiteElo "2777"]
[BlackElo "2782"]
[WhiteFideId "2805677"]
[BlackFideId "2020009"]
[EventDate "2014.01.29"]

1. d4 e6 2. c4 Bb4+ 3. Nd2 d5 4. Qa4+ Nc6 5. e3 Nf6 6. Nf3 O-O 7. a3 Bd6 8. c5
Be7 9. b4 a6 10. Bb2 Ne4 11. Bd3 f5 12. b5 Nb8 13. Ne5 Nd7 14. Ndf3 Bf6 15. c6
Nb6 16. Qc2 axb5 17. Bxb5 Nd6 18. a4 Nxb5 19. axb5 Rxa1+ 20. Bxa1 Qd6 21. O-O
bxc6 22. Nxc6 Bd7 23. Nfe5 Bxc6 24. Nxc6 Ra8 25. Bc3 Nc4 26. Bb4 Qd7 27. Qc3 Nd6
28. Bxd6 Qxd6 29. Ra1 Rxa1+ 30. Qxa1 f4 31. Qa8+ Kf7 32. Qa7 fxe3 33. fxe3 Kg6
34. Qc5 Qd7 35. Qc2+ Kh6 36. g3 Qd6 37. Qc5 Qd7 38. Kg2 Qf7 39. Qc1 g5 40. Qf1
Qg6 41. Qf3 Kg7 42. Qe2 Qe4+ 43. Kg1 g4 44. Qf2 Bg5 0-1

[Event "Zürich Chess Challenge - Lampo"]
[Site "Zurigo"][Date "29.01.2014"]
[Round "L3"]
[White "Aronian, Levon"]
[Black "Carlsen, Magnus"]
[Result "1/2-1/2"]
[WhiteTitle "GM"]
[BlackTitle "GM"]
[WhiteElo "2812"]
[BlackElo "2872"]
[WhiteFideId "13300474"]
[BlackFideId "1503014"]
[EventDate "2014.01.29"]

1. d4 Nf6 2. Nf3 b5 3. e4 Nxe4 4. Bxb5 e6 5. O-O Be7 6. Re1 Nf6 7. c4 O-O 8. Nc3
Ba6 9. Bf4 c6 10. Bxa6 Nxa6 11. Ne5 Qc8 12. Qf3 Nb4 13. Rad1 d6 14. Ng4 Nxg4 15.
Qxg4 Kh8 16. Re3 f5 17. Qe2 Rf6 18. Re1 Bf8 19. a3 Na6 20. Rxe6 Rxe6 21. Qxe6
Qxe6 22. Rxe6 Nc7 23. Re2 Kg8 24. f3 Kf7 25. Kf1 g6 26. Bg3 Rd8 27. Ke1 Bg7 28.
Rd2 Bh6 29. Rd3 Rd7 30. d5 cxd5 31. Nxd5 Nxd5 32. Rxd5 Bc1 33. Rb5 Rc7 34. Bxd6
Rxc4 35. Be5 Be3 36. Bc3 Bb6 37. Ke2 Ke6 38. Re5+ Kd6 39. Re8 Rc6 40. Bb4+ Kd5
41. Bc3 Kc4 42. a4 Kb3 43. a5 Bc5 44. Rb8+ Kc2 45. Rb7 h5 46. Be1 Re6+ 47. Kf1
Bd4 48. b4 Kd3 49. Bf2 Bxf2 50. Kxf2 h4 51. Rxa7 Re2+ 52. Kf1 Rb2 53. Rd7+ Ke3
54. Re7+ Kd3 55. Re1 h3 56. gxh3 Rxh2 57. Kg1 Ra2 58. h4 Ra4 59. b5 Rxa5 60. Rb1
Ra7 61. b6 Rb7 62. Kf2 f4 63. Rb4 Kc3 64. Rxf4 Rxb6 65. Kg3 Kd3 66. Kg4 Ke3 67.
Re4+ Kf2 68. Ra4 Rb1 69. Ra2+ Ke3 70. Ra3+ Kf2 71. Kg5 Rg1+ 72. Kh6 Kg3 73. Kxg6
Kxh4+ 74. Kf5 Rb1 75. Ra5 Kh5 76. f4 Kh6 77. Ra7 Rb5+ 78. Kf6 Rb6+ 79. Kf7 Rb5
80. Ra6+ Kh5 81. Rf6 Ra5 82. Kg7 Ra7+ 83. Kf8 Kg4 1/2-1/2

[Event "Zürich Chess Challenge - Lampo"]
[Site "Zurigo"][Date "29.01.2014"]
[Round "L4"]
[White "Carlsen, Magnus"]
[Black "Anand, Viswanathan"]
[Result "1-0"]
[WhiteTitle "GM"]
[BlackTitle "GM"]
[WhiteElo "2872"]
[BlackElo "2773"]
[WhiteFideId "1503014"]
[BlackFideId "5000017"]
[EventDate "2014.01.29"]

1. Nf3 d5 2. b3 c5 3. e4 dxe4 4. Ng5 Nf6 5. Nc3 Nc6 6. Bc4 e6 7. Bb2 Be7 8. O-O
O-O 9. Ncxe4 Nxe4 10. Nxe4 e5 11. f4 exf4 12. Qh5 Nd4 13. Rxf4 g6 14. Qe5 b6 15.
Raf1 Bf5 16. g4 Be6 17. Bxe6 fxe6 18. Rxf8+ Bxf8 19. Nf6+ Kh8 20. c3 Nc6 21.
Ne8+ 1-0

[Event "Zürich Chess Challenge - Lampo"]
[Site "Zurigo"][Date "29.01.2014"]
[Round "L4"]
[White "Gelfand, Boris"]
[Black "Aronian, Levon"]
[Result "0-1"]
[WhiteTitle "GM"]
[BlackTitle "GM"]
[WhiteElo "2777"]
[BlackElo "2812"]
[WhiteFideId "2805677"]
[BlackFideId "13300474"]
[EventDate "2014.01.29"]

1. d4 Nf6 2. Nf3 d5 3. c4 e6 4. g3 c5 5. Bg2 cxd4 6. O-O Bc5 7. Nxd4 dxc4 8.
Qa4+ Nbd7 9. Qxc4 O-O 10. Nc3 a6 11. Nb3 Ba7 12. Rd1 h6 13. Bd2 Rb8 14. Rac1 b5
15. Qb4 Bb6 16. Bf4 a5 17. Qd6 Qe8 18. Nxb5 e5 19. Bd2 Bxf2+ 20. Kxf2 Rxb5 21.
Nxa5 e4 22. Kg1 Ne5 23. Bb4 Ng6 24. a4 Rh5 25. Nc6 Bb7 26. Ne7+ Nxe7 27. Qxe7
Qxe7 28. Bxe7 Rb8 29. Bxf6 gxf6 30. b4 Re5 31. Rc7 Bd5 32. b5 Bb3 33. Rd4 f5 34.
Rb4 Be6 35. b6 Ra5 36. e3 Kg7 37. Bf1 Kf6 38. Ra7 Rc5 39. a5 Rc1 40. b7 f4 41.
Rxe4 fxe3 42. Rxe3 Bh3 43. Rf3+ Kg7 44. a6 Rd8 45. Rxf7+ Kg6 46. b8=Q Rxb8 47.
Rf2 Rb6 48. Ra8 Kg7 49. Ra7+ Kg6 50. Ra8 0-1

[Event "Zürich Chess Challenge - Lampo"]
[Site "Zurigo"][Date "29.01.2014"]
[Round "L5"]
[White "Aronian, Levon"]
[Black "Caruana, Fabiano"]
[Result "1/2-1/2"]
[WhiteTitle "GM"]
[BlackTitle "GM"]
[WhiteElo "2812"]
[BlackElo "2782"]
[WhiteFideId "13300474"]
[BlackFideId "2020009"]
[EventDate "2014.01.29"]

1. d4 Nf6 2. Nf3 d6 3. Nc3 Nbd7 4. e4 e5 5. Bc4 Be7 6. O-O O-O 7. Re1 a6 8. a4
b6 9. Bg5 h6 10. Bxf6 Bxf6 11. Nd5 Bb7 12. Nxf6+ Qxf6 13. dxe5 Nxe5 14. Nxe5
Qxe5 15. c3 Rae8 16. Bd5 Bxd5 17. Qxd5 a5 18. Qxe5 Rxe5 19. f3 Rfe8 20. Kf2 g5
21. g4 Kg7 22. c4 h5 23. h3 Rh8 24. Re2 hxg4 25. hxg4 Re6 26. Ke3 Rh3 27. Rd1
Kf6 28. b3 Re5 29. Ree1 Re8 30. Rd5 Rh2 31. Re2 Rh1 32. Rf5+ Kg6 33. Kd4 Rd1+
34. Kc3 Rh1 35. Kd4 Rd1+ 36. Kc3 Rh1 1/2-1/2

[Event "Zürich Chess Challenge - Lampo"]
[Site "Zurigo"][Date "29.01.2014"]
[Round "L5"]
[White "Anand, Viswanathan"]
[Black "Gelfand, Boris"]
[Result "1-0"]
[WhiteTitle "GM"]
[BlackTitle "GM"]
[WhiteElo "2773"]
[BlackElo "2777"]
[WhiteFideId "5000017"]
[BlackFideId "2805677"]
[EventDate "2014.01.29"]

1. d4 Nf6 2. c4 e6 3. Nf3 d5 4. Nc3 c6 5. e3 Nbd7 6. Bd3 dxc4 7. Bxc4 b5 8. Bd3
Bb7 9. O-O a6 10. e4 c5 11. d5 Qc7 12. Bc2 O-O-O 13. dxe6 Ne5 14. Qe2 Nxf3+ 15.
Qxf3 fxe6 16. Qe2 c4 17. e5 Nd5 18. Bg5 Rd7 19. a4 b4 20. Nxd5 Rxd5 21. Bf4 Bc5
22. Be4 Rd4 23. Bxb7+ Kxb7 24. Be3 Rd3 25. Bxc5 Qxc5 26. Qg4 Re8 27. Rac1 Rd4
28. Qxg7+ Re7 29. Qf6 Re4 30. Rfd1 Rc7 31. Qf3 1-0

[Event "Zürich Chess Challenge"]
[Site "Zurigo"]
[Date "30.01.2014"]
[Round "1"]
[White "Aronian, Levon"]
[Black "Anand, Viswanathan"]
[Result "1-0"]
[WhiteTitle "GM"]
[BlackTitle "GM"]
[WhiteElo "2812"]
[BlackElo "2773"]
[WhiteFideId "13300474"]
[BlackFideId "5000017"]
[EventDate "2014.01.30"]

1. c4 e6 2. g3 d5 3. Bg2 Nf6 4. Nf3 dxc4 5. Qa4+ Nbd7 6. Qxc4 a6 7. Qb3 Rb8 8.
O-O b5 9. a4 Bb7 10. axb5 axb5 11. d3 Be7 12. Bf4 Nd5 13. Bd2 O-O 14. Rc1 c5 15.
Ba5 Qe8 16. Nbd2 N5f6 17. Rab1 Bd5 18. Qd1 Ra8 19. b4 Ra6 20. e4 Bc6 21. Nb3
cxb4 22. Qd2 Bxe4 23. dxe4 Nxe4 24. Qc2 Nc3 25. Ra1 Nf6 26. Ne5 Nfd5 27. Nd3 Rc6
28. Bxd5 exd5 29. Re1 Rc4 30. f3 Qd7 31. Qf2 Bd6 32. Bb6 Qf5 33. Qe3 h5 34. Bd4
Rc7 35. Ra7 Rxa7 36. Bxa7 Ra8 37. Bc5 d4 38. Nxd4 Bxc5 39. Nxf5 Bxe3+ 40. Nxe3
b3 41. Nd1 Rc8 42. Nxc3 Rxc3 43. Rd1 b2 44. Nxb2 Rxf3 45. Rd8+ Kh7 46. Rd5 Rb3
47. Nd3 g6 48. Rd7 Kg7 49. Kf2 Ra3 50. Ke3 Ra2 51. h4 Kf6 52. Rb7 Ra5 53. Nc5
Ra3+ 54. Kf4 Ra1 55. Ne4+ Kg7 56. Nd6 Rf1+ 57. Ke3 Kf8 58. Rxb5 Ke7 59. Ne4 Re1+
60. Kf4 Kf8 61. Rb8+ Kg7 62. Rb7 Rf1+ 63. Ke3 Kf8 64. Nd6 Rf6 65. Rb8+ Ke7 66.
Ne4 Rf1 67. Ke2 Rf5 68. Rc8 Re5 69. Kf3 Rf5+ 70. Kg2 Re5 71. Ng5 Re2+ 72. Kh3
Rf2 73. Rc4 1-0

[Event "Zürich Chess Challenge"]
[Site "Zurigo"]
[Date "31.01.2014"]
[Round "2"]
[White "Carlsen, Magnus"]
[Black "Aronian, Levon"]
[Result "1/2-1/2"]
[WhiteTitle "GM"]
[BlackTitle "GM"]
[WhiteElo "2872"]
[BlackElo "2812"]
[WhiteFideId "1503014"]
[BlackFideId "13300474"]
[EventDate "2014.01.30"]

1. c4 Nf6 2. Nc3 e5 3. Nf3 Nc6 4. g3 d5 5. cxd5 Nxd5 6. Bg2 Nb6 7. O-O Be7 8. a3
O-O 9. d3 Re8 10. b4 Bf8 11. Rb1 a5 12. b5 Nd4 13. e3 Nxf3+ 14. Bxf3 a4 15. Qe2
Ra7 16. Bb2 Be6 17. Rfc1 Qd7 18. Ne4 Ba2 19. Ra1 Bd5 20. Bg4 Qd8 21. Bc3 Nd7 22.
Bf3 b6 23. Bb4 Bxb4 24. axb4 Qe7 25. Nc3 Bxf3 26. Qxf3 Nf6 27. Rxa4 Rxa4 28.
Nxa4 Qxb4 29. Nc3 Qb2 30. Qd1 Rd8 31. Kg2 h6 32. h3 Rxd3 33. Qxd3 Qxc1 34. Qd8+
Kh7 35. Qxc7 Ne4 36. Qxe5 Nxc3 37. Qf5+ Kg8 38. Qc8+ Kh7 39. Qf5+ Kh8 40. Qc8+
Kh7 1/2-1/2

[Event "Zürich Chess Challenge"]
[Site "Zurigo"]
[Date "01.02.2014"]
[Round "3"]
[White "Aronian, Levon"]
[Black "Gelfand, Boris"]
[Result "1/2-1/2"]
[WhiteTitle "GM"]
[BlackTitle "GM"]
[WhiteElo "2812"]
[BlackElo "2777"]
[WhiteFideId "13300474"]
[BlackFideId "2805677"]
[EventDate "2014.01.30"]

1. d4 Nf6 2. c4 g6 3. g3 c6 4. Bg2 d5 5. cxd5 cxd5 6. Nf3 Bg7 7. Ne5 Ne4 8. Nd2
Nxd2 9. Bxd2 O-O 10. O-O Nd7 11. Bc3 Nf6 12. Qb3 Ne4 13. Bxe4 dxe4 14. Rfd1 Qb6
15. Qxb6 axb6 16. Nc4 Be6 17. d5 Bg4 18. Bxg7 Kxg7 19. Kf1 b5 20. Ne3 Bd7 21. a3
Rfc8 22. Rac1 Kf6 23. Rxc8 Rxc8 24. d6 e6 25. Ng4+ Kf5 26. Ne3+ Kf6 27. Ng4+ Kf5 1/2-1/2

[Event "Zürich Chess Challenge"]
[Site "Zurigo"]
[Date "02.02.2014"]
[Round "4"]
[White "Gelfand, Boris"]
[Black "Anand, Viswanathan"]
[Result "0-1"]
[WhiteTitle "GM"]
[BlackTitle "GM"]
[WhiteElo "2777"]
[BlackElo "2773"]
[WhiteFideId "2805677"]
[BlackFideId "5000017"]
[EventDate "2014.01.30"]

1. d4 d5 2. c4 c6 3. Nf3 Nf6 4. e3 Bg4 5. Nc3 e6 6. h3 Bh5 7. g4 Bg6 8. Nh4 Bb4
9. Qb3 Qe7 10. Bd2 a5 11. Nxg6 hxg6 12. cxd5 exd5 13. f3 a4 14. Qc2 a3 15. b3
Nbd7 16. O-O-O O-O 17. Kb1 Rfc8 18. h4 Nb6 19. g5 Nh5 20. Bh3 Re8 21. Rhe1 Rad8
22. Bg4 Qd6 23. Ne2 Bxd2 24. Qxd2 Nd7 25. Nf4 Nxf4 26. exf4 f5 27. gxf6 Nxf6 28.
Re5 Nxg4 29. fxg4 Rxe5 30. fxe5 Qe7 31. Rh1 Rf8 32. h5 Qf7 33. h6 Qf3 34. Re1
gxh6 35. e6 Re8 36. g5 Qf5+ 0-1

[Event "Zürich Chess Challenge"]
[Site "Zurigo"]
[Date "03.02.2014"]
[Round "5"]
[White "Anand, Viswanathan"]
[Black "Carlsen, Magnus"]
[Result "1/2-1/2"]
[WhiteTitle "GM"]
[BlackTitle "GM"]
[WhiteElo "2773"]
[BlackElo "2872"]
[WhiteFideId "5000017"]
[BlackFideId "1503014"]
[EventDate "2014.01.30"]

1. e4 e5 2. Nf3 Nc6 3. Bb5 Nf6 4. d3 Bc5 5. Bxc6 dxc6 6. h3 Nd7 7. Be3 Bd6 8.
Nbd2 O-O 9. O-O Re8 10. Nc4 Nf8 11. d4 exd4 12. Qxd4 c5 13. Qd3 b6 14. Nxd6 Qxd6
15. Qxd6 cxd6 16. Rfd1 Bb7 17. Rxd6 Bxe4 18. Ne1 Rad8 19. Rad1 Ne6 20. Rxd8 Rxd8
21. Rxd8+ Nxd8 22. f3 Bd5 23. a3 Nc6 24. Kf2 f6 25. Nd3 Kf8 26. Ke2 Ke7 27. Kd2
Kd7 28. Nf4 Bf7 29. b3 Ne7 30. h4 Nd5 31. Nxd5 Bxd5 32. Bf4 Kc6 33. Bg3 Bf7 34.
Bf4 Bg6 35. Bg3 Bf7 36. Bb8 a6 37. Bf4 Bg6 38. Bg3 Bh5 39. Bf2 Bf7 40. Bg3 Bg6 1/2-1/2

[Event "Zürich Chess Challenge - Rapid"]
[Site "Zurigo"]
[Date "04.02.2014"]
[Round "R1"]
[White "Gelfand,B"]
[Black "Carlsen,M"]
[Result "0-1"]
[WhiteElo "2761"]
[BlackElo "2872"]
[EventDate "2014.02.04"]

1. d4 Nf6 2. c4 c5 3. d5 b5 4. cxb5 a6 5. bxa6 g6 6. Nc3 Bg7 7. e4 O-O 8.
Nf3 Qa5 9. Bd3 Nxd5 10. exd5 Bxc3+ 11. bxc3 Qxc3+ 12. Qd2 Qxa1 13. O-O Bxa6
14. Bb2 Qxa2 15. Ra1 Qb3 16. Be4 d6 17. Rb1 f6 18. Bxf6 Qc4 19. Bb2 Qxe4
20. Re1 Qd3 21. Qxd3 Bxd3 22. Rxe7 Rxf3 23. gxf3 Na6 0-1

[Event "Zürich Chess Challenge - Rapid"]
[Site "Zurigo"]
[Date "04.02.2014"]
[Round "R1"]
[White "Anand,V"]
[Black "Aronian,L"]
[Result "0-1"]
[WhiteElo "2773"]
[BlackElo "2826"]
[EventDate "2014.02.04"]

1. d4 Nf6 2. c4 c5 3. d5 e5 4. Nc3 d6 5. e4 Nbd7 6. Nf3 Be7 7. g3 O-O 8.
Bd3 Nh5 9. Qe2 a6 10. Bd2 g6 11. Kd1 Kh8 12. h3 Ndf6 13. Kc2 Bd7 14. a4 Qc8
15. g4 Ng7 16. Nh2 Ng8 17. f4 exf4 18. Bxf4 f6 19. Nf1 Rf7 20. Ne3 Qf8 21.
h4 Bd8 22. Qh2 Bc7 23. h5 g5 24. h6 Ne8 25. Bg3 Ne7 26. Nf5 Ng6 27. a5 Ne5
28. Be2 Bxf5 29. exf5 Qe7 30. Be1 Qd8 31. Ne4 Re7 32. Qg2 b6 33. Bc3 b5 34.
cxb5 axb5 35. Bxb5 Bxa5 36. Bc6 Raa7 37. Bxe5 Rxe5 38. Ra4 Nc7 39. Rha1 Na6
40. Nd2 Nb4+ 41. Rxb4 cxb4 42. Nc4 b3+ 43. Kxb3 Ree7 44. Qg3 Qb8+ 0-1

[Event "Zürich Chess Challenge - Rapid"]
[Site "Zurigo"]
[Date "04.02.2014"]
[Round "R2"]
[White "Caruana,F"]
[Black "Gelfand,B"]
[Result "1/2-1/2"]
[WhiteElo "2781"]
[BlackElo "2761"]
[EventDate "2014.02.04"]

1. Nf3 c5 2. e4 d6 3. Bb5+ Bd7 4. Bxd7+ Qxd7 5. O-O Nc6 6. c4 Nf6 7. Nc3 g6
8. d4 cxd4 9. Nxd4 Bg7 10. Nde2 Qe6 11. Nd5 Qxe4 12. Nc7+ Kd7 13. Nxa8 Qxc4
14. Nb6+ axb6 15. b3 Qd5 16. Be3 Qxd1 17. Raxd1 b5 18. a4 b4 19. f3 e6 20.
Nf4 Ke7 21. Rfe1 g5 22. Ne2 h6 23. Nd4 Kd7 24. Nb5 Nd5 25. Bf2 Be5 26. Bg3
Bf4 27. Bxf4 gxf4 28. Re4 f5 29. Rc4 Rg8 30. Rxd5 exd5 31. Rxf4 Ke6 32. Rh4
Rg6 33. Nd4+ Ke5 34. Nc2 d4 35. Ne1 Kd5 36. Nd3 Rf6 37. Kf2 Ne5 38. Ke2
Nxd3 39. Kxd3 Kc5 40. Rxd4 d5 41. Rf4 Rg6 42. g3 Re6 43. Rxf5 Re1 44. Rf8
Rd1+ 45. Kc2 Rf1 46. Kd3 Rd1+ 47. Ke3 Re1+ 48. Kd2 Rb1 49. Kc2 Rf1 50. Kd3
Rd1+ 51. Kc2 Rf1 1/2-1/2

[Event "Zürich Chess Challenge - Rapid"]
[Site "Zurigo"]
[Date "04.02.2014"]
[Round "R2"]
[White "Aronian,L"]
[Black "Carlsen,M"]
[Result "1-0"]
[WhiteElo "2826"]
[BlackElo "2872"]
[EventDate "2014.02.04"]

1. Nf3 Nf6 2. c4 e6 3. g3 d5 4. Bg2 Be7 5. d4 O-O 6. Qc2 c5 7. O-O cxd4 8.
Nxd4 e5 9. Nf5 d4 10. Nxe7+ Qxe7 11. Bg5 h6 12. Bxf6 Qxf6 13. Nd2 Bf5 14.
Qb3 Nd7 15. Qa3 Qb6 16. Rfc1 Rfc8 17. b4 a5 18. c5 Qa6 19. Nc4 Be6 20. Nd6
axb4 21. Qxa6 bxa6 22. Nxc8 Rxc8 23. c6 Nb6 24. Rab1 a5 25. a3 b3 26. c7
Bc4 27. Bb7 Rxc7 28. Rxb3 Rxb7 29. Rxc4 Nxc4 30. Rxb7 Nxa3 31. Kg2 Nc4 32.
g4 Nd6 33. Ra7 f6 34. Rxa5 Ne4 35. h4 h5 36. gxh5 Kh7 37. Ra8 Nd6 38. Kf3
Nf5 39. Kg4 Nh6+ 40. Kh3 Nf5 41. Rd8 Nh6 42. f4 exf4 43. Rxd4 Nf7 44. Rxf4
Kh6 45. Rf5 Nd6 46. Rd5 Nc4 47. Kg3 Ne3 48. Rc5 Nf1+ 49. Kf4 Nd2 50. e3 Nb3
51. Rc3 Na5 52. Rc8 Kh7 53. Kf5 1-0

[Event "Zürich Chess Challenge - Rapid"]
[Site "Zurigo"]
[Date "04.02.2014"]
[Round "R3"]
[White "Gelfand,B"]
[Black "Aronian,L"]
[Result "1/2-1/2"]
[WhiteElo "2761"]
[BlackElo "2826"]
[EventDate "2014.02.04"]

1. d4 Nf6 2. c4 e6 3. Nf3 d5 4. g3 Be7 5. Bg2 O-O 6. Nc3 Nbd7 7. b3 Nb6 8.
Ne5 Bb4 9. Bb2 Ne4 10. Qd3 f6 11. Nf3 e5 12. a3 Bxc3+ 13. Bxc3 Nxf2 14.
Kxf2 e4 15. Qc2 Bf5 16. Qa2 exf3 17. exf3 dxc4 18. bxc4 Be6 19. d5 Bf7 20.
Rhe1 c6 21. Bb4 Re8 22. Rxe8+ Qxe8 23. Re1 Qd8 24. f4 cxd5 25. cxd5 Nxd5
26. Bxd5 Bxd5 27. Qd2 Qb6+ 28. Qe3 Qa6 29. g4 Bf7 30. Qd4 h6 31. Re7 Qc6
32. Kg3 Re8 33. Rxe8+ Qxe8 34. Qxa7 Bd5 35. Qc5 Qe6 36. Qe7 Qb6 37. Qc5 Qe6
38. Qe7 Qb6 39. Qc5 1/2-1/2

[Event "Zürich Chess Challenge - Rapid"]
[Site "Zurigo"]
[Date "04.02.2014"]
[Round "R3"]
[White "Anand,V"]
[Black "Caruana,F"]
[Result "0-1"]
[WhiteElo "2773"]
[BlackElo "2781"]
[EventDate "2014.02.04"]

1. e4 c5 2. Nf3 e6 3. d4 cxd4 4. Nxd4 a6 5. Be2 Nf6 6. Nc3 Qc7 7. O-O Bc5
8. Bg5 Nc6 9. Nxc6 bxc6 10. Kh1 d5 11. Bd3 Be7 12. f4 Bb7 13. Qe1 h6 14.
Bh4 O-O 15. e5 Ne8 16. Bxe7 Qxe7 17. Ne2 c5 18. c3 a5 19. Ng1 Ba6 20. Bxa6
Rxa6 21. c4 Nc7 22. b3 a4 23. Nf3 Rfa8 24. Rb1 axb3 25. axb3 Ra2 26. Rf2
Qd7 27. Rxa2 Rxa2 28. h3 Na6 29. Ra1 Rxa1 30. Qxa1 Nb4 31. Qa8+ Kh7 32. Qf8
Nd3 33. f5 exf5 34. Qd6 Qa7 35. Qxd5 Nf4 36. Qd2 Ne6 37. Kh2 Qb7 38. Qd3 g6
39. Kg1 Kg7 40. Kf2 Qa8 41. Qc2 Qa1 42. Qd2 Qb1 43. Qc3 Kg8 44. Ne1 Ng5 45.
Qc2 Qa1 46. Nd3 Ne4+ 47. Ke3 Qg1+ 48. Kf3 Qh2 49. Ne1 Qxe5 50. Ke2 Qg3 51.
Qd3 Qf2+ 52. Kd1 Qb2 53. Qc2 Qd4+ 54. Ke2 h5 55. Qd3 Qe5 56. Kf1 Qf4+ 57.
Ke2 Kg7 58. Qe3 Qe5 59. Nd3 Qh2 60. Nxc5 Qxg2+ 61. Ke1 Ng5 62. h4 Nf3+ 63.
Kd1 Qg4 64. Kc2 f4 65. Qe7 Qf5+ 66. Kc3 Ne5 67. Qg5 Qxg5 68. hxg5 h4 69.
Ne4 Ng4 70. Kd4 0-1

[Event "Zürich Chess Challenge - Rapid"]
[Site "Zurigo"]
[Date "04.02.2014"]
[Round "R4"]
[White "Anand,V"]
[Black "Gelfand,B"]
[Result "1/2-1/2"]
[WhiteElo "2773"]
[BlackElo "2761"]
[EventDate "2014.02.04"]

1. e4 c5 2. Nf3 d6 3. d4 cxd4 4. Nxd4 Nf6 5. Nc3 a6 6. Be2 e5 7. Nb3 Be7 8.
Be3 Be6 9. Nd5 Nbd7 10. Qd3 Bxd5 11. exd5 O-O 12. O-O Nc5 13. Qd2 Nfe4 14.
Qb4 a5 15. Qc4 Rc8 16. Qb5 b6 17. f3 Nf6 18. Rfd1 Nh5 19. g3 g6 20. Nxc5
bxc5 21. Bd2 Ra8 22. f4 Ng7 23. fxe5 dxe5 24. Be3 Rb8 25. Qc4 Nf5 26. Bf2
Rxb2 27. Rab1 Rb4 28. Rxb4 cxb4 29. Qc6 Bd6 30. c4 bxc3 31. Qxc3 e4 32. Bg4
Bb4 33. Qb3 e3 34. Bxe3 Nxe3 35. Qxe3 Re8 36. Qd4 Bd6 37. Kg2 Qc7 38. Rd2
h5 39. Re2 Rxe2+ 40. Bxe2 Qc2 41. Qc4 Qd2 42. a4 Qe3 43. Qd3 Qe5 44. Bf3
Kg7 45. Bd1 h4 46. Qf3 hxg3 47. hxg3 Qd4 48. g4 Qd2+ 49. Kf1 Bc5 50. Bb3
Qc1+ 51. Ke2 Qb2+ 52. Kd1 Bb4 53. Qe3 Bd6 54. Bc2 Qa1+ 55. Ke2 Qh1 56. Qc3+
Kg8 57. Qc8+ Kg7 58. Qc3+ Kg8 59. Qc8+ Kg7 60. Qc3+ Kh7 61. Qf3 Qh2+ 62.
Kd3 Kg8 63. Qe4 Bb4 64. Kc4 Qc7+ 65. Kb5 Qb7+ 66. Kc4 Qc8+ 67. Kd3 Qc3+ 68.
Ke2 Qe1+ 69. Kf3 Qf1+ 70. Ke3 Bd6 71. Kd4 Qf2+ 72. Kd3 Bb4 73. Qe3 Qg2 74.
Qe4 Qd2+ 75. Kc4 Qc3+ 76. Kb5 Qc5+ 77. Ka6 Qc8+ 78. Kb5 Bd6 79. Bd1 Qc5+
80. Ka6 Qc8+ 81. Kb5 Kh7 82. Bc2 Qc5+ 83. Ka6 Bc7 84. Kb7 Qb6+ 85. Kc8 Bd6
86. Qc4 Qb8+ 87. Kd7 Qf8 88. Qe4 Qb8 89. Qc4 Qf8 90. Qe4 Qb8 91. Qc4
1/2-1/2